Os campos de manobras e suas principaes relaçoes con a organisaçao dos excritor palo / (Record no. 21547)

MARC details
000 -LEADER
campo de control de longitud fija 00656nam a2200169 i 4500
001 - NÚMERO DE CONTROL
campo de control 21547
003 - IDENTIFICADOR DE NÚMERO DE CONTROL
campo de control ES-MaACL
005 - FECHA Y HORA DE LA ÚLTIMA TRANSACCIÓN
campo de control 20230906152512.0
007 - CAMPO FIJO DE DESCRIPCIÓN FÍSICA--INFORMACIÓN GENERAL
campo de control de longitud fija t|
008 - DATOS DE LONGITUD FIJA--INFORMACIÓN GENERAL
campo de control de longitud fija 021126s1867 po ||||1| por d
100 1# - ENTRADA PRINCIPAL--NOMBRE DE PERSONA
Nombre de persona Albufeira, Borao de.
9 (RLIN) 19428
245 13 - MENCIÓN DEL TÍTULO
Título Os campos de manobras e suas principaes relaçoes con a organisaçao dos excritor palo /
Mención de responsabilidad, etc. Borao de Albufeira ; estudos precedidos de un juizo critico pelo J.M. Latino Coelho.
260 ## - PUBLICACIÓN, DISTRIBUCIÓN, ETC.
Lugar de publicación, distribución, etc. Lisboa :
Nombre del editor, distribuidor, etc. [s.n.,
Fecha de publicación, distribución, etc. 1867] (
Fabricante Imp. Rua do Paço do Bemformosa)
300 ## - DESCRIPCIÓN FÍSICA
Extensión XVII, 257 p. :
Otras características físicas 1 plan. ;
Dimensiones 22 cm.
700 1# - ENTRADA AGREGADA--NOMBRE PERSONAL
Nombre de persona Coelho, José María Latino (
Fechas asociadas al nombre 1825-1891)
9 (RLIN) 126522
852 ## - LOCALIZACIÓN
Ubicación ES-MaACL
Número de control de estantería G-8497
Holdings
Estatus retirado Estado de pérdida Estado de daño No para préstamo Colección Biblioteca de origen Biblioteca actual Ubicación en estantería Fecha de adquisición Fuente de adquisición Total de préstamos Signatura topográfica completa Código de barras Visto por última vez Precio de reemplazo Tipo de ítem Koha
        Libros del s. XIX Biblioteca del Ateneo de Madrid Biblioteca del Ateneo de Madrid Sala Pecera Planta 3 17/01/2008     G-8497 1022144 23/02/2023 23/02/2023 Libro impreso antiguo